| 000 | 00722nam a2200217 i 4500 | ||
|---|---|---|---|
| 001 | 100141 | ||
| 003 | ES-MaACL | ||
| 005 | 20250915063046.0 | ||
| 007 | t| | ||
| 008 | 050922s1952 sp ||||1| spa d | ||
| 100 | 1 |
_aMartínez Val, José María, _d1916- _978455 |
|
| 245 | 1 | 0 |
_a3 estudios sobre Gregorio Prieto / _cJ. M. Martínez Val, A. Crespo, J. Ramírez de Lucas. |
| 260 |
_aCiudad Real : _bInstituto de Estudios Manchegos, _c1952. |
||
| 300 |
_a48 p., 7 lám. ; _c22 cm. |
||
| 700 | 1 |
_aCrespo, A. _941509 |
|
| 700 | 1 |
_aRamírez de Lucas, Juan, _d1917-2010 _995138 |
|
| 710 | 2 |
_aInstituto de Estudios Manchegos. _94919 |
|
| 852 | 4 |
_aES-MaACL _j1948-F-6 |
|
| 852 | 4 |
_aES-MaACL _j1948-F-5 |
|
| 999 |
_c100141 _d100141 |
||